[Event "80th Tata Steel Masters 2018"]
[Site "Wijk aan Zee"]
[Date "2018.01.13"]
[Round "1"]
[White "Carlsen, Magnus"]
[Black "Caruana, Fabiano"]
[Result "1/2-1/2"]
[WhiteElo "2834"]
[BlackElo "2811"]
[Annotator "TA"]
[PlyCount "81"]
[EventDate "2018.??.??"]
[EventType "tourn"]
[EventRounds "4"]
[EventCountry "NED"]
[SourceTitle "playchess.com"]
[Source "ChessBase"]
[SourceQuality "1"]

{[%evp 15,81,18,20,3,19,0,9,0,0,8,7,8,11,16,12,0,14,16,2,-4,-4,-13,0,-6,-12,-7,-10,-12,-11,-18,-6,0,-5,-6,-7,-29,0,-27,4,7,14,0,0,0,0,0,0,0,0,0,0,0,0,0,0,0,0,0,0,-22,-28,-46,2,2,3,4,7,7]} 1. e4 e5 2. Nf3 Nf6 3. Nxe5 d6 4. Nf3 Nxe4 5. Qe2 Qe7 6. d3 Nf6 7. Nc3 Qxe2+ 8. Bxe2 g6 {LiveBook: 6 Games. C42: Petroff Defence: 3 Nxe5 and unusual White 3rd moves} 9. Nd4 a6 10. Bf4 $146 ({Predecessor:} 10. h3 Bg7 11. g4 Bd7 12. Bf3 Nc6 13. Nxc6 Bxc6 14. Bxc6+ bxc6 15. Bd2 h5 16. g5 Nd5 17. Nxd5 cxd5 18. O-O-O Kd7 {½-½ (18) Shirov,A (2710)-Kramnik,V (2790) Cazorla 1998}) 10... Bg7 11. h3 Bd7 12. Bf3 Nc6 13. Nxc6 Bxc6 14. Bxc6+ bxc6 15. O-O-O Kd7 16. Rhe1 Rhe8 17. Ne4 Nd5 18. Bd2 $1 f5 19. Ng5 h6 20. Nf3 g5 21. c3 c5 22. Kc2 Bf6 23. Rxe8 Rxe8 24. Re1 Rf8 25. Rh1 Re8 26. g3 g4 27. Ng1 Bg5 28. Kd1 a5 29. Ne2 a4 30. Bxg5 hxg5 31. hxg4 fxg4 $11 {[%mdl 4096] Endgame KRN-KRN} 32. Rh5 Re5 33. Rh7+ Ke6 34. a3 Rf5 35. c4 Nf6 36. Rh2 Rf3 37. Kc2 Nd7 38. d4 Nb6 39. dxc5 {The position is equal.} dxc5 40. Nc3 Ke5 41. Nd1 {Precision: White = 65%, Black = 62%.} 1/2-1/2

[Event "80th Tata Steel Masters 2018"]
[Site "Wijk aan Zee"]
[Date "2018.01.13"]
[Round "1"]
[White "So, Wesley"]
[Black "Mamedyarov, Shakhriyar"]
[Result "1/2-1/2"]
[WhiteElo "2792"]
[BlackElo "2804"]
[Annotator "TA"]
[PlyCount "57"]
[EventDate "2018.??.??"]
[EventType "tourn"]
[EventRounds "4"]
[EventCountry "NED"]
[SourceTitle "playchess.com"]
[Source "ChessBase"]
[SourceQuality "1"]

{[%evp 20,57,17,14,18,8,5,5,5,4,11,14,27,0,20,5,6,6,2,7,9,-17,-8,-8,-8,-7,-8,-8,-8,-14,-5,-5,-6,-11,0,-5,0,-5,0,-8]} 1. e4 c5 2. Nf3 Nf6 3. e5 Nd5 4. Nc3 e6 5. Nxd5 exd5 6. d4 Nc6 7. dxc5 Bxc5 8. Bd3 d6 9. exd6 Qxd6 10. O-O O-O 11. Re1 {LiveBook: 4 Games. B29: Sicilian: 2 Nf3 Nf6 (Nimzowitsch Variation)} (11. c3 Re8 12. Bc2 Ne7 13. Re1 h6 14. Nd4 a6 15. Qf3 Bd7 16. Be3 Rad8 17. Rad1 Ng6 18. b3 Ne5 {0-1 (34) Radlovacki,J (2475)-Tadic,B (2561) Belgrade 2016}) 11... h6 12. h3 Bd7 $146 ({Predecessor:} 12... Bxh3 13. gxh3 Qg3+ 14. Kh1 Bxf2 15. Bf1 Nd4 16. Bg2 Nxf3 17. Qxf3 Bxe1 18. Bf4 Qh4 {0-1 (37) Pinter,E (2212)-Markos,J (2225) Slovakia 2000}) 13. Be3 d4 14. Bd2 Rfe8 15. a3 Qd5 16. b4 Bd6 {The position is equal.} 17. c4 dxc3 18. Rxe8+ Rxe8 19. Bxc3 {[#] Strongly threatening Bh7+!} Be6 20. Be4 Qxe4 21. Qxd6 Qc2 22. Qd2 $132 {[%mdl 2048] White is not keeping still} Qxd2 23. Nxd2 Rd8 24. Re1 Nd4 25. a4 Nc2 26. Rc1 Nd4 27. Re1 Nc2 28. Rc1 Nd4 29. Re1 {Precision: White = 61%, Black = 65%.} 1/2-1/2

[Event "80th Tata Steel Masters 2018"]
[Site "Wijk aan Zee"]
[Date "2018.01.13"]
[Round "1"]
[White "Kramnik, Vladimir"]
[Black "Wei, Yi"]
[Result "1-0"]
[WhiteElo "2787"]
[BlackElo "2743"]
[Annotator "TA"]
[PlyCount "109"]
[EventDate "2018.??.??"]
[EventType "tourn"]
[EventRounds "4"]
[EventCountry "NED"]
[SourceTitle "playchess.com"]
[Source "ChessBase"]
[SourceQuality "1"]

{[%evp 23,109,16,17,18,25,18,18,14,16,14,14,12,13,8,9,9,19,2,12,0,0,0,0,0,0,0,20,11,18,11,16,10,22,12,42,40,45,38,39,39,84,78,82,94,85,89,87,91,86,85,91,83,89,102,95,70,78,75,79,78,102,109,104,77,99,83,116,92,85,77,76,77,158,134,114,54,49,59,131,43,233,220,264,300,287,270,352,330]} 1. Nf3 d5 2. g3 g6 3. Bg2 Bg7 4. d4 Nf6 5. O-O O-O 6. c4 dxc4 7. Na3 c5 8. dxc5 c3 {D77: Fianchetto Grünfeld: 6 0-0: Replies other than 6...c6} 9. Nb5 Na6 {[%cal Bb8a6,Ba6c5,Bc5e4][%mdl 32]} 10. Nxc3 Nxc5 11. Be3 Nfe4 12. Nxe4 Nxe4 {LiveBook: 3 Games} 13. Bd4 Bxd4 14. Qxd4 Qxd4 15. Nxd4 Nd6 {[#]} 16. Rac1 $146 ({Find the theoretical novelty and annotate with similar games:} 16. Rfc1) 16... Rd8 17. f4 Kf8 18. Kf2 Bg4 19. h3 Bd7 20. e4 (20. Rc7 {NOTEXT} Ke8 21. Rfc1 Rac8 22. b3 f6 23. g4) 20... Rac8 21. Rxc8 Rxc8 22. Rd1 Ke8 23. e5 Nf5 {Hoping for ...Nxd4.} 24. Nb3 Bc6 {[#] Strongly threatening ...Bxg2.} 25. Rc1 Kd7 26. Nc5+ Ke8 27. Nd3 Kd7 28. g4 $36 {[%cal Bg3g4,Bg4f5][%mdl 2080] White is more active.} Nd4 29. Rc4 Ne6 30. f5 gxf5 31. gxf5 Ng7 32. Bxc6+ bxc6 $16 {[%mdl 4096] Endgame KRN-KRN} 33. Nc5+ Kc7 34. Rh4 h5 35. f6 exf6 36. exf6 Ne8 37. Rxh5 Nxf6 38. Rf5 Nd5 39. Rxf7+ Kd6 40. Ne4+ Ke5 41. Nd2 a5 42. Nc4+ Ke6 43. Rh7 Rb8 44. Ke2 Kf5 45. Rh6 Nf6 {With the idea ...Kg5.} 46. h4 a4 47. Kd3 c5 ({Better is} 47... Rd8+ 48. Kc2 Rd4) 48. Ne3+ Ke5 49. h5 ({White should play} 49. Rg6 $16) 49... Rd8+ $14 50. Kc4 Ne4 (50... Rd2 $14) 51. Kb5 (51. Ra6 $16) 51... Kd4 $2 {[#]} (51... a3 $1 $14 52. bxa3 Rd3) 52. Nc4 $1 $18 a3 53. Nxa3 Nd6+ 54. Kc6 Nf7 55. Nb5+ {Precision: White = 65%, Black = 57%.} 1-0

[Event "80th Tata Steel Masters 2018"]
[Site "Wijk aan Zee"]
[Date "2018.01.13"]
[Round "1"]
[White "Svidler, Peter"]
[Black "Adhiban, B."]
[Result "1/2-1/2"]
[WhiteElo "2768"]
[BlackElo "2655"]
[Annotator "TA"]
[PlyCount "65"]
[EventDate "2018.??.??"]
[EventType "tourn"]
[EventRounds "4"]
[EventCountry "NED"]
[SourceTitle "playchess.com"]
[Source "ChessBase"]
[SourceQuality "1"]

{[%evp 16,65,41,43,50,42,47,35,34,31,19,14,22,0,3,13,37,43,47,47,80,65,76,49,75,66,54,7,2,14,10,0,0,-13,45,50,34,35,50,47,19,10,18,0,0,0,0,0,0,0,0,0]} 1. e4 c6 2. d4 d5 3. e5 Bf5 4. Nf3 e6 5. Be2 Ne7 6. O-O h6 7. Nbd2 {B12: Caro-Kann: Advance Variation} (7. b4 Nd7 8. a4 g5 9. a5 Bg7 10. Nbd2 O-O 11. Nb3 f6 12. exf6 Bxf6 13. Nc5 Nxc5 14. bxc5 Ng6 {½-½ (30) Shirov,A (2630)-Nakamura,H (2781) Douglas 2017}) 7... Bh7 8. Nb3 Nd7 9. a4 {[%cal Ba2a4,Ba4a5][%mdl 32] LiveBook: 86 Games. White is slightly better.} g5 $146 ({Predecessor:} 9... Nf5 10. a5 a6 11. c4 dxc4 12. Bxc4 Ne7 13. Qe2 Nd5 14. Nfd2 {0-1 (48) Stukopin,A (2586)-Nyzhnyk,I (2610) Saint Louis 2017}) 10. a5 a6 11. c3 Nf5 12. Bd3 g4 13. Ne1 h5 14. Nc2 c5 15. Nxc5 Nxc5 16. dxc5 Bxc5 17. Nd4 Bxd4 18. cxd4 Rc8 19. Ra3 Rc7 20. Bf4 Nh4 21. Qd2 Bxd3 22. Bg5 Qc8 23. Rxd3 Nf5 24. Qb4 Kd7 ({Black should play} 24... Rc4 $11 25. Rc3 Qc6 26. Rxc4 Qxc4 27. Qxb7 O-O) 25. Qa4+ $14 Rc6 26. Rc1 Rg8 27. Bf6 Qc7 {[#] aiming for ...Qxa5!} 28. g3 {The position is equal.} Rc8 29. Rc5 Ke8 30. b4 Qd7 31. Qd1 Rxc5 $1 32. bxc5 Qb5 $1 33. h3 {Precision: White = 49%, Black = 60%.} 1/2-1/2

[Event "80th Tata Steel Masters 2018"]
[Site "Wijk aan Zee"]
[Date "2018.01.13"]
[Round "1"]
[White "Anand, Viswanathan"]
[Black "Matlakov, Maxim"]
[Result "1-0"]
[WhiteElo "2767"]
[BlackElo "2718"]
[Annotator "TA"]
[PlyCount "105"]
[EventDate "2018.??.??"]
[EventType "tourn"]
[EventRounds "4"]
[EventCountry "NED"]
[SourceTitle "playchess.com"]
[Source "ChessBase"]
[SourceQuality "1"]

{[%evp 13,105,7,20,19,25,21,12,13,37,29,52,1,0,-29,-10,-8,-8,-9,-22,-28,-10,-12,-10,-14,-8,-8,-8,-8,-8,-9,-9,-10,-8,-14,-14,-7,0,0,0,0,0,0,26,22,25,25,89,89,89,89,89,89,89,89,89,89,89,89,89,89,89,89,89,89,89,33,58,58,59,56,53,56,89,100,98,89,89,89,89,89,90,63,76,96,141,147,140,102,229,220,239,218,268,266]} 1. e4 e5 2. Nf3 Nc6 3. Bb5 a6 4. Ba4 Nf6 5. d3 b5 6. Bb3 Bc5 7. c3 d6 8. Bg5 {[%cal Bc1g5,Bg5h4,Bh4g3][%mdl 32] C77: Ruy Lopez: 3...a6 4 Ba4 Nf6, unusual lines} (8. Nbd2 O-O 9. Nf1 d5 10. exd5 Nxd5 11. Ng3 f6 12. O-O Be6 13. Ne4 Be7 14. d4 exd4 15. Nxd4 Nxd4 16. Qxd4 {½-½ (30) Caruana,F (2799)-So,W (2788) London 2017}) 8... h6 9. Bh4 g5 10. Bg3 {The position is equal.} Ba7 $146 ({Predecessor:} 10... Bb6 11. Nbd2 O-O 12. Qe2 Ne7 13. d4 Ng6 14. dxe5 Nh5 15. O-O-O Nhf4 16. Bxf4 Nxf4 {0-1 (41) Alekseev,E (2651)-Predke,A (2543) Kaliningrad 2015}) 11. Nbd2 Na5 12. Bc2 ({Better is} 12. d4 $14) 12... Nh5 $11 13. a4 b4 14. cxb4 Nc6 15. b5 Nb4 16. Nc4 Nxg3 17. hxg3 g4 18. Nh4 axb5 19. axb5 {b6! is the strong threat.} Bxf2+ $1 20. Kxf2 Rxa1 21. Qxa1 {And now Qa4 would win.} Nxc2 22. Qa4 Qf6+ 23. Kg1 Nd4 24. b6+ Bd7 {( -> ...Ne2+)} 25. Qd1 $1 $36 {[%mdl 2048] White has good play.} cxb6 26. Kh2 O-O 27. Rf1 Qg5 28. Nxd6 Be6 29. Nhf5 Nxf5 (29... Rd8 $11) 30. exf5 $16 Bd5 {[#] aiming for ...Rd8.} 31. Qe2 $1 Qf6 32. Qxg4+ Kh7 33. Ne4 Bxe4 34. dxe4 {[%mdl 4096] Endgame KQR-KQR} Rd8 35. Rc1 Rd4 36. Rc7 Rb4 37. Qe2 Kg7 38. Rc8 Qg5 {[#]} 39. Rc6 (39. Qf3 $1 $16) 39... Rb3 40. Rc3 Rb4 41. b3 Rd4 42. Rc6 Rb4 43. Qf3 Kh7 44. Rd6 (44. Rc7 {seems wilder.} Kg7 45. Rc8 Kh7 46. Rc6 Kg8 47. f6) 44... Kg7 45. Rd5 Qf6 46. Kg1 Kh7 47. Qd3 Kg7 48. Kf2 Rd4 49. Rxd4 exd4 50. Qb5 Qd8 (50... Qe7 $16) 51. Qd5 $18 Qf6 52. g4 Kg8 53. Kf3 {Precision: White = 79%, Black = 64%.} 1-0

[Event "80th Tata Steel Masters 2018"]
[Site "Wijk aan Zee"]
[Date "2018.01.13"]
[Round "1"]
[White "Giri, Anish"]
[Black "Hou, Yifan"]
[Result "1-0"]
[WhiteElo "2752"]
[BlackElo "2680"]
[Annotator "TA"]
[PlyCount "126"]
[EventDate "2018.??.??"]
[EventType "tourn"]
[EventRounds "4"]
[EventCountry "NED"]
[SourceTitle "playchess.com"]
[Source "ChessBase"]
[SourceQuality "1"]

{[%evp 16,126,19,30,20,22,40,31,35,39,21,14,31,19,24,7,11,7,13,6,14,18,19,14,15,-32,0,0,0,0,5,4,16,14,3,6,6,8,8,8,3,6,3,3,3,3,2,2,2,2,2,2,2,2,2,2,16,14,16,16,16,0,16,2,16,0,16,0,0,0,0,0,0,0,48,35,65,42,35,0,0,0,0,0,0,0,0,0,0,0,0,0,0,0,0,0,29957,29964,29967,29968,29963,29967,29966,29967,29970,29971,29980,29981,29981,29981,29979,29979,29979]} 1. e4 e5 2. Nf3 Nf6 3. Nxe5 d6 4. Nf3 Nxe4 5. Nc3 Nxc3 6. dxc3 Be7 7. Be3 Nc6 {C42: Petroff Defence: 3 Nxe5 and unusual White 3rd moves} 8. Bd3 Be6 (8... Bf6 9. Qe2 O-O 10. O-O-O Re8 11. h4 Rb8 12. Kb1 b5 13. Ng5 h6 14. Qh5 Ne5 {1-0 (28) Amin,B (2689)-Yu,Y (2751) Riadh 2017}) 9. Qe2 {LiveBook: 4 Games} Bf6 {White has an edge.} 10. O-O-O Qe7 11. Kb1 $146 ({Predecessor:} 11. a3 a6 12. Kb1 O-O 13. h4 Ne5 14. Nxe5 Bxe5 15. g4 Rfe8 {1-0 (26) Brenc,T (2075)-Mravic,F (1810) Rijeka 2009}) 11... a6 12. Rhe1 O-O-O 13. h3 Rhe8 14. g4 ({Much weaker is} 14. Bxh7 g6 $17) 14... h6 15. Nd2 Bg5 16. f4 Bh4 17. Bf2 Bxf2 18. Qxf2 Qf8 19. f5 Bd7 $1 20. f6 g6 21. Be4 Kb8 22. Nc4 Re6 23. Bxc6 Rxe1 24. Rxe1 Bxc6 25. Na5 Re8 26. Nxc6+ bxc6 $11 {[%mdl 4096] Endgame KQR-KQR} 27. Qg3 Qh8 28. Re7 Rxe7 29. fxe7 {KQ-KQ} Qe8 30. Qe3 Kc8 $1 31. h4 Kd7 32. Qxh6 Qxe7 33. b3 Qe4 34. g5 Qe5 35. Qf8 Qd5 (35... Qe8 {is interesting.} 36. Qg7 c5 37. Qf6 Kc6 38. Kb2 Kb6) 36. Kb2 c5 37. Qg8 Qf3 38. Qf8 Qd5 39. Qg7 Qf5 40. Qg8 Qf3 41. a4 {[%cal Ba2a4,Ba4a5][%mdl 32]} Qf1 42. Qf8 {[#] Hoping for h5!} Qf5 43. Qa8 Qf1 44. Qe4 Kd8 45. Qg4 d5 46. a5 Qe1 47. h5 gxh5 48. Qxh5 Qe6 49. Qh8+ Ke7 50. b4 cxb4 51. cxb4 Kd7 52. Qd4 Kc8 53. Qf6 Qxf6+ $1 54. gxf6 {Threatens to win with Kc3. KP-KP} Kd7 55. Kb3 Kc6 $2 {[%mdl 8192]} (55... Kd6 $11) 56. c4 {White mates.} d4 57. Kc2 Kd6 {[#]} 58. Kd2 $1 {[%cal Rd2e2]} c6 59. Ke2 Kd7 60. Kd3 Kc7 61. Kxd4 Kd6 62. Kd3 Kc7 63. Ke4 Kd6 {Precision: White = 69%, Black = 72%.} 1-0

[Event "80th Tata Steel Masters 2018"]
[Site "Wijk aan Zee"]
[Date "2018.01.13"]
[Round "1"]
[White "Jones, Gawain C B"]
[Black "Karjakin, Sergey"]
[Result "1/2-1/2"]
[WhiteElo "2640"]
[BlackElo "2753"]
[Annotator "TA"]
[PlyCount "72"]
[EventDate "2018.??.??"]
[EventType "tourn"]
[EventRounds "4"]
[EventCountry "NED"]
[SourceTitle "playchess.com"]
[Source "ChessBase"]
[SourceQuality "1"]

{[%evp 28,72,13,0,5,0,15,33,37,23,38,32,45,35,53,-12,7,-12,20,14,22,0,0,0,0,0,0,0,0,0,0,0,0,0,10,0,0,0,0,0,0,0,0,0,0,0,0]} 1. e4 e5 2. Nf3 Nc6 3. Bc4 Bc5 4. c3 {[%cal Bc2c3,Bc3d4][%mdl 32]} Nf6 5. d4 exd4 6. cxd4 Bb4+ 7. Bd2 Bxd2+ 8. Nbxd2 d5 9. exd5 Nxd5 10. Qb3 Na5 11. Qa4+ Nc6 {[%cal Ba5c6,Bc6e7,Be7d5][%mdl 32]} 12. Qb3 Nce7 13. O-O O-O 14. Rfe1 c6 15. Ne4 Nb6 {C54: Giuoco Piano: 4 c3 Nf6, main lines with 5 d4 and 5 d3} 16. Bd3 (16. Nc5 Nxc4 17. Qxc4 Nd5 18. Ne5 f6 19. Ned3 Qd6 20. Ne4 Qd8 21. Nec5 Qd6 22. Ne4 Qd8 {½-½ (20) Hovhannisyan,R (2612)-Melkumyan,H (2633) Riga 2015}) 16... Ned5 17. Nc5 Nf6 {White is slightly better.} 18. Rac1 $146 ({Find the theoretical novelty and annotate with similar games:} 18. Bc2 Rb8 19. Qd3 Nbd5 20. Ne4 Nxe4 21. Qxe4 g6 22. Bb3 Be6 23. Qe5 {0-1 (41) Kokolias,K (2137)-Moutousis,K (2422) Athens 2005}) 18... Rb8 19. Qa3 a6 20. Qb3 Qc7 21. Ne4 ({Better is} 21. a3 $14) 21... Nfd5 {The position is equal.} 22. Nc3 {[#] Threatens to win with Nxd5.} Qd6 23. Be4 Bg4 24. Nxd5 cxd5 25. Bb1 Bxf3 26. Qxf3 Rfe8 27. Qc3 g6 28. Bd3 Kg7 29. g3 Rbc8 30. Rxe8 Rxe8 31. Qb3 Re7 32. Bf1 Qf6 33. Qb4 Re4 34. Rd1 Re7 35. Rc1 Re4 36. Rd1 Re7 {Precision: White = 47%, Black = 55%.} 1/2-1/2

[Event "80th Tata Steel Masters 2018-TB"]
[Site "Wijk aan Zee"]
[Date "2018.01.28"]
[Round "1.1"]
[White "Carlsen, Magnus"]
[Black "Giri, Anish"]
[Result "1-0"]
[WhiteElo "2834"]
[BlackElo "2752"]
[Annotator "TA"]
[PlyCount "109"]
[EventDate "2018.??.??"]
[EventType "tourn"]
[EventCountry "NED"]
[SourceTitle "playchess.com"]
[Source "ChessBase"]
[SourceQuality "1"]

{[%evp 15,109,0,0,0,0,0,9,0,24,24,24,21,27,35,43,30,52,23,30,22,27,26,35,34,29,34,54,27,42,41,43,27,25,31,41,41,32,25,31,20,26,11,32,24,25,9,39,32,32,32,32,32,32,32,93,93,93,85,461,467,815,828,820,788,682,452,1014,968,1085,416,383,0,1075,1044,984,818,1429,1485,1285,1089,982,1677,1653,1648,1649,978,1630,1558,1289,580,1358,1231,2313,2223,1729,1856]} 1. Nf3 Nf6 2. c4 e6 3. b3 d5 4. Bb2 Be7 5. e3 O-O 6. Nc3 c5 7. cxd5 Nxd5 8. Nxd5 {A13: English Opening: 1...e6} (8. Qc2 Nc6 9. h4 h6 10. g4 Nxc3 11. dxc3 e5 12. g5 h5 13. Bc4 Be6 14. Bxe6 fxe6 15. Nd2 Qe8 {½-½ (40) Carlsen,M (2840)-Ganguly,S (2668) Doha 2016}) 8... exd5 {LiveBook: 6 Games} 9. d4 Qa5+ $146 ({Predecessor:} 9... Nc6 10. dxc5 Bxc5 11. a3 Bg4 12. Be2 a5 13. O-O Qd6 14. Qd3 Bh5 15. Rfd1 Rfd8 {1-0 (45) Votava,J (2522)-Froewis,G (2463) Austria 2016}) 10. Qd2 {The position is equal.} Qxd2+ 11. Kxd2 Nc6 12. dxc5 Bxc5 13. Bb5 Bb4+ 14. Ke2 Be6 15. Rac1 Rac8 16. Rhd1 Be7 17. h3 a6 18. Bd3 Nb4 19. Bb1 Rxc1 20. Rxc1 Rc8 21. Rd1 Nc6 22. g4 h6 23. Nd4 (23. Ne1 {with more complications.} f6 24. Ng2 g5 25. f4 Rd8 26. Kf3) 23... Nxd4+ 24. Bxd4 Ba3 25. f4 f6 26. Bg6 Kf8 27. Kf3 Ke7 28. h4 Bb4 29. Bd3 Bd7 30. e4 Bc3 31. Bf2 (31. Ba7 {keeps more tension.} d4 32. h5 Bb2 33. e5 fxe5 34. fxe5 Rc6 35. Kf4) 31... Bc6 32. exd5 Bxd5+ 33. Be4 Bxe4+ 34. Kxe4 $14 {[%mdl 4096] Endgame KRB-KRB} Ke6 (34... Bb4 $14) 35. f5+ $16 Ke7 36. Rc1 {aiming for Bd4.} Rc6 $2 {[%mdl 8192] [#]} (36... Kd7 $16 {is more resistant.}) 37. Kd3 $1 $18 Bb4 (37... Be5 $142 38. Rxc6 bxc6) 38. Rxc6 bxc6 {[#] KB-KB} 39. Kc4 $1 Bd6 40. Bc5 Kd7 (40... h5 $142 41. gxh5 Kd7) 41. h5 Bf4 42. Bf8 (42. Kb4 $142 Bd2+ 43. Ka4) 42... Ke8 43. Bc5 $2 (43. Ba3) 43... Kd7 44. Kb4 {White is clearly winning.} ({Less strong is} 44. Bf8 Ke8 $14) 44... Bd2+ 45. Ka4 Kc7 46. b4 Bf4 47. Bf8 Kb6 48. Bxg7 Bg5 49. Bf8 Bf4 50. Be7 Bg5 51. Kb3 Kc7 52. Kc4 (52. Bc5 $142 Bc1 53. Ka4) 52... Kd7 53. Bc5 Kc7 54. Kd3 Kd7 55. Be3 {Precision: White = 61%, Black = 48%.} 1-0

[Event "80th Tata Steel Masters 2018-TB"]
[Site "Wijk aan Zee"]
[Date "2018.01.28"]
[Round "1.2"]
[White "Giri, Anish"]
[Black "Carlsen, Magnus"]
[Result "1/2-1/2"]
[WhiteElo "2752"]
[BlackElo "2834"]
[Annotator "TA"]
[PlyCount "75"]
[EventDate "2018.??.??"]
[EventType "tourn"]
[EventCountry "NED"]
[SourceTitle "playchess.com"]
[Source "ChessBase"]
[SourceQuality "1"]

{[%evp 24,75,25,9,22,19,14,14,21,29,22,0,13,0,0,-50,-15,-93,0,0,0,0,0,-7,-7,-2,0,0,52,50,67,70,95,102,118,46,58,47,12,0,0,0,6,-20,-20,-18,-17,-425,-27,-67,-63,-125,-125,-125]} 1. e4 e5 2. Nf3 Nc6 3. Bc4 Bc5 4. c3 Nf6 5. d3 d6 6. O-O a6 7. Re1 Ba7 8. Bb3 O-O 9. h3 h6 10. Nbd2 {[%cal Bb1d2,Bd2f1,Bf1g3,Bg3f5][%mdl 32]} Re8 11. Nf1 Be6 12. Bc2 {C54: Italienische Partie (Hauptvariante)} d5 13. Qe2 {LiveBook: 48 Partien} (13. exd5 Bxd5 14. Ng3 Qd7 15. Ne4 Nxe4 16. dxe4 Be6 17. Qxd7 Bxd7 18. a4 f6 19. Nd2 Be6 {½-½ (33) Onischuk,V (2637)-Anand,V (2782) Riadh 2017}) 13... dxe4 14. dxe4 {Die Stellung ist ausgeglichen.} Qe7 15. Ng3 Rad8 16. Nh4 Qf8 17. Nhf5 $146 ({Vorgänger:} 17. Qf3 Nh7 18. Nhf5 Bxf5 19. Nxf5 Ne7 {0-1 (38) Tobyas,M (2290)-Krupkova,P (2285) Czechia 1997}) 17... Ne7 {[%cal Bc6e7,Be7g6,Bg6f4][%mdl 32]} 18. Ne3 Ng6 19. Ngf5 Nf4 20. Qf3 (20. Qf1 $11 {hält das Gleichgewicht.}) 20... c6 (20... g6 $17 21. Ng3 Nh7) 21. Ng4 $1 $11 Nxg4 22. hxg4 g6 23. Bxf4 exf4 24. Qxf4 gxf5 25. gxf5 Qg7 (25... Bc4 $11 26. f6 Kh8) 26. fxe6 $14 Rxe6 27. Rad1 Rde8 28. Re2 Qg5 29. Qf3 ({Lieber} 29. g3 $16) 29... Rf6 30. Qh3 Qf4 {[%cal Ra7f2]} 31. Rf1 Re5 32. Qh2 {Droht Dxf4 und aus.} Qg5 33. g3 Qg4 34. Rd2 Rg5 {Weiss muss nun ...Df3 beachten.} 35. e5 $2 {[%mdl 8192] [#]} (35. Qg2 $11) 35... Rxe5 $2 (35... Rf3 $1 $19 {[%cal Rf3g3] ( -> ...Txg3+)} 36. Kg2 Rh5 37. Qxh5 Qxh5) 36. Bd1 (36. Rd8+ $2 Kg7 $19) 36... Qg5 $1 {[%cal Rg5d2]} 37. Rd3 ({Nur nicht} 37. Rd8+ $2 Kg7 $19) (37. Qh4 $15) 37... Ref5 $17 {Und ...Txf2 würde nun gewinnen.} 38. Qh4 {Precision: Weiß = 38%, Schwarz = 52%.} 1/2-1/2